Strategic Brand Management (Record no. 1511)

MARC details
000 -LEADER
fixed length control field 00415nam a22001697a 4500
005 - DATE AND TIME OF LATEST TRANSACTION
control field 20160524110138.0
008 - FIXED-LENGTH DATA ELEMENTS--GENERAL INFORMATION
fixed length control field 160524b xxu||||| |||| 00| 0 eng d
020 ## - INTERNATIONAL STANDARD BOOK NUMBER
ISBN 81-7554-109-1
041 ## - LANGUAGE CODE
Language code of text/sound track or separate title eng
082 ## - DEWEY DECIMAL CLASSIFICATION NUMBER
Item number 4497
100 ## - MAIN ENTRY--AUTHOR NAME
Personal name Kapfrer, Jean Noel
245 ## - TITLE STATEMENT
Title Strategic Brand Management
260 ## - PUBLICATION, DISTRIBUTION, ETC. (IMPRINT)
Place of publication New Delhi
Name of publisher Academic Faundation
Year of publication 2009
300 ## - PHYSICAL DESCRIPTION
Number of Pages 426
650 ## - SUBJECT ADDED ENTRY--TOPICAL TERM
Topical Term Management
942 ## - ADDED ENTRY ELEMENTS (KOHA)
Koha item type Books
Holdings
Lost status Damaged status Collection code Home library Current library Shelving location Date acquired Full call number Accession Number Koha item type
    MANAGEMENT JRU Library JRU Library SHELF- 67 L 24/05/2016 4497 4497 Books
    MANAGEMENT JRU Library JRU Library SHELF- 67 L 24/05/2016 4497 4498 Books
    MANAGEMENT JRU Library JRU Library SHELF- 67 L 24/05/2016 4497 4499 Books
      JRU Library     24/05/2016 4497 4500 Books